[Event "Irish Championship 2010"]
[Site "Dublin IRL"]
[Date "2010.07.06"]
[Round "4"]
[White "O'Rourke, Ray"]
[Black "Porter, Liam"]
[Result "0-1"]
[WhiteElo "2066"]
[BlackElo "1976"]
[WhiteICU "1932"]
[BlackICU "1863"]
[WhiteClub "Bray/Greystones"]
[BlackClub "Elm Mount"]
[WhiteNationality "IRL"]
[BlackNationality "IRL"]
[WhiteFideId "2501023"]
[BlackFideId "2502992"]
[PlyCount "72"]
[EventDate "2010.07.03"]

{ Event information: <a
href="https://www.irlchess.com/irlch2010_allfiles/pairings_irlch2010.html">Tournament
report</a>. }

1. e4 g6 2. d4 Bg7 3. Be3 d6 4. Bd3 c5 5. c3 Qb6 6. Qd2 Nf6 7. h3 O-O 8. f4
Nbd7 9. Nf3 c4 10. d5 Nc5 11. Bxc4 Nfxe4 12. Qc1 Ng3 13. Rg1 Qc7 14. Nbd2
Bf5 15. Nh4 Bd3 16. b4 Bxc4 17. bxc5 Bxd5 18. Kf2 Ne4+ 19. Nxe4 Bxe4 20. g4
dxc5 21. Rg3 b5 22. a3 Rfd8 23. g5 Rd3 24. Ra2 Rxc3 25. Qg1 Rxe3 26. Rxe3
Qxf4+ 27. Ke2 Bd4 28. Qg3 Bxe3 29. Qxe3 Qxh4 30. Qxc5 Qxh3 31. Rd2 Rc8 32.
Qf2 Qg4+ 33. Ke3 Rc3+ 34. Kd4 Rc4+ 35. Ke3 Qxg5+ 36. Ke2 Bd5 0-1

[Event "Irish Championship 2010"]
[Site "Dublin IRL"]
[Date "2010.07.06"]
[Round "4"]
[White "McCabe, Darren"]
[Black "Murray, David"]
[Result "0-1"]
[WhiteElo "2000"]
[BlackElo "2021"]
[WhiteICU "1892"]
[BlackICU "1962"]
[WhiteClub "Rathmines"]
[BlackClub "Gonzaga"]
[WhiteNationality "IRL"]
[BlackNationality "IRL"]
[WhiteFideId "2500760"]
[BlackFideId "2501511"]
[PlyCount "52"]
[EventDate "2010.07.03"]

{ Event information: <a
href="https://www.irlchess.com/irlch2010_allfiles/pairings_irlch2010.html">Tournament
report</a>. }

1. d4 Nf6 2. Bg5 e6 3. e3 c5 4. c3 cxd4 5. exd4 Nc6 6. Nd2 Be7 7. Bxf6 Bxf6
8. Ngf3 d5 9. Bd3 Rb8 10. Qe2 Bd7 11. h4 O-O 12. Bxh7+ Kxh7 13. Ng5+ Kh6
14. Qe3 Bxg5 15. hxg5+ Kg6 16. Qd3+ f5 17. gxf6+ Kxf6 18. Rh7 Kf7 19. O-O-O
Rh8 20. Rxh8 Qxh8 21. Qf3+ Kg8 22. g4 Rf8 23. Qg2 Qh4 24. Nf3 Qf6 25. Rd3
Be8 26. g5 Qf4+ 0-1

[Event "Irish Championship 2010"]
[Site "Dublin IRL"]
[Date "2010.07.06"]
[Round "4"]
[White "Delaney, Killian"]
[Black "Fitzsimons, David"]
[Result "0-1"]
[WhiteElo "2034"]
[BlackElo "2263"]
[WhiteICU "1999"]
[BlackICU "2260"]
[WhiteClub "Rathmines"]
[BlackClub "Elm Mount"]
[WhiteNationality "IRL"]
[BlackNationality "IRL"]
[WhiteFideId "2501570"]
[BlackFideId "2501961"]
[PlyCount "62"]
[EventDate "2010.07.03"]

{ Event information: <a
href="https://www.irlchess.com/irlch2010_allfiles/pairings_irlch2010.html">Tournament
report</a>. }

1. e4 c5 2. c3 g6 3. d4 cxd4 4. cxd4 d5 5. Nc3 dxe4 6. Bc4 Nf6 7. Qb3 e6 8.
d5 Qb6 9. Bb5+ Bd7 10. Be3 Bc5 11. Bxc5 Qxc5 12. dxe6 fxe6 13. Qxe6+ Qe7
14. Qc4 Bxb5 15. Nxb5 Nc6 16. O-O-O Ne5 17. Qc7 Nd3+ 18. Rxd3 exd3 19. Nf3
d2+ 20. Nxd2 Kf8 21. Qf4 Kg7 22. Nf3 Qc5+ 23. Nc3 Rhe8 24. Rd1 Rad8 25.
Rxd8 Rxd8 26. Kb1 Qf5+ 27. Qxf5 gxf5 28. Kc2 Ng4 29. Ne2 Nxf2 30. Nf4 Rd6
31. Nd4 Kf6 0-1

[Event "Irish Championship 2010"]
[Site "Dublin IRL"]
[Date "2010.07.06"]
[Round "4"]
[White "Daly, Colm"]
[Black "Lopez, Alex"]
[Result "0-1"]
[WhiteTitle "FM"]
[BlackTitle "FM"]
[WhiteElo "2322"]
[BlackElo "2367"]
[WhiteICU "2303"]
[WhiteClub "Bray/Greystones"]
[WhiteNationality "IRL"]
[BlackNationality "IRL"]
[WhiteFideId "2500434"]
[BlackFideId "2501430"]
[PlyCount "138"]
[EventDate "2010.07.03"]

{ Annotator: Colm Daly, irishchesschampionships.com (subsequently removed).
} { Event information: <a
href="https://www.irlchess.com/irlch2010_allfiles/pairings_irlch2010.html">Tournament
report</a>. }

1. Nf3 d6 2. c4 e5 3. Nc3 f5 4. d3 Nf6 5. g3 Be7 6. Bg2 O-O 7. O-O Qe8 8.
Bg5 Na6 9. Rb1 Qh5 10. Bxf6 Bxf6 11. Nd2 Kh8 12. b4 g5 13. e3 g4 14. Nd5
Bd8 15. b5 Nc5 16. d4 exd4 17. Nf4 Qh6 18. exd4 Ne6 19. Nxe6 Qxe6 20. Qc2
f4 21. gxf4 Rxf4 22. Rbe1 Qf7 23. Bd5 Qf8 24. Re4 Bg5 25. Qc3 Bf5 26. Rxf4
Bxf4 27. Re1 Re8 28. Nf1 b6 29. Ng3 Bg6 30. Bc6 Re7 31. a4 Bg5 32. a5 Qf4
33. Rxe7 Bxe7 34. axb6 axb6 35. Qe3 Qf6 36. Bd5 Bf8 37. Ne4 Qe7 38. Ng5
Qxe3 39. fxe3 Bh6 40. Ne6 $2 (40. Nf7+ $15) 40... Bxe3+ 41. Kg2 h5 42. Kg3
Bd3 43. h3 gxh3 44. Kxh3 Kh7 45. Kg3 Be2 46. Nxc7 Bxd4 47. Ne6 Be3 48. Nd8
Kg6 49. Be4+ Kf6 50. Bd5 Kg6 51. Be4+ Kg5 52. Nf7+ Kf6 53. Bd5 Ke7 54. Kh4
Bf2+ 55. Kh3 h4 56. Kg2 Be3 57. Nh8 Bd3 58. Kf3 Bc1 59. Nf7 h3 60. Kg3 h2
61. Kxh2 Bg6 62. Nh8 Bh5 63. Be4 Kf6 64. Kg3 Bg5 65. Bf3 Bxf3 66. Kxf3 Kg7
67. Ke4 Kxh8 68. c5 dxc5 69. Kd5 Bd2 0-1

[Event "Irish Championship 2010"]
[Site "Dublin IRL"]
[Date "2010.07.06"]
[Round "4"]
[White "Benson, Oisin P."]
[Black "Boyle, Bernard"]
[Result "0-1"]
[WhiteElo "2062"]
[BlackElo "1943"]
[WhiteICU "1970"]
[BlackICU "1850"]
[WhiteClub "St. Benildus"]
[BlackClub "Elm Mount"]
[WhiteNationality "IRL"]
[BlackNationality "IRL"]
[WhiteFideId "2501821"]
[BlackFideId "2501830"]
[PlyCount "84"]
[EventDate "2010.07.03"]
[WhiteFullName "Benson, Ois&iacute;n P."]

{ Event information: <a
href="https://www.irlchess.com/irlch2010_allfiles/pairings_irlch2010.html">Tournament
report</a>. }

1. d4 e6 2. Nf3 f5 3. g3 b6 4. Bg2 Bb7 5. O-O Nf6 6. c4 Bd6 7. Nc3 O-O 8.
d5 Na6 9. Nd4 Nc5 10. Qc2 Be5 11. e3 Nce4 12. Nxe4 Bxd4 13. Ng5 Bc5 14.
dxe6 Bxg2 15. Kxg2 Ng4 16. e4 fxe4 17. Qxe4 Nf6 18. Qc2 Qe8 19. Bf4 dxe6
20. Rae1 Qc6+ 21. Kg1 Rae8 22. Be5 Qd7 23. Ne4 Nxe4 24. Rxe4 Rf5 25. Qe2
Ref8 26. Rf4 Rxf4 27. Bxf4 Bd4 28. Be5 c5 29. Qe4 Rf5 30. Bxd4 cxd4 31. Rd1
e5 32. f4 exf4 33. Rxd4 Qc8 34. gxf4 Rf8 35. Qd5+ Kh8 36. f5 Qe8 37. Qe6
Qh5 38. h4 Re8 39. Qd5 Re1+ 40. Kf2 Qe2+ 41. Kg3 Rg1+ 42. Kf4 Rg4# 0-1

[Event "Irish Championship 2010"]
[Site "Dublin IRL"]
[Date "2010.07.07"]
[Round "5"]
[White "Fitzsimons, David"]
[Black "Cafolla, Peter"]
[Result "1-0"]
[WhiteElo "2263"]
[BlackElo "2090"]
[WhiteICU "2260"]
[BlackICU "2028"]
[WhiteClub "Elm Mount"]
[BlackClub "Rathmines"]
[WhiteNationality "IRL"]
[BlackNationality "IRL"]
[WhiteFideId "2501961"]
[BlackFideId "2500884"]
[PlyCount "115"]
[EventDate "2010.07.03"]

{ Event information: <a
href="https://www.irlchess.com/irlch2010_allfiles/pairings_irlch2010.html">Tournament
report</a>. }

1. e4 e5 2. Nf3 Nc6 3. d4 exd4 4. Nxd4 Bc5 5. Nxc6 Qf6 6. Qf3 bxc6 7. Nd2
d6 8. Nb3 Bb6 9. Bd2 Be6 10. Bc3 Qxf3 11. gxf3 f6 12. Nd4 Bxd4 13. Bxd4 Ne7
14. h4 c5 15. Be3 Rb8 16. O-O-O O-O 17. h5 h6 18. Rg1 Kh8 19. Be2 Nc6 20.
b3 a5 21. f4 c4 22. Bxc4 Bxc4 23. bxc4 Rfe8 24. f3 Rb4 25. c5 Reb8 26. cxd6
Rb1+ 27. Kd2 Rxd1+ 28. Rxd1 cxd6 29. a3 Rb5 30. Ke2 Rxh5 31. Rxd6 Ne7 32.
Re6 Rh2+ 33. Kd3 Ng6 34. c4 Ra2 35. c5 Rxa3+ 36. Kd4 Ra4+ 37. Kd5 Ra3 38.
f5 Ne5 39. Bd4 Rd3 40. c6 Nxc6 41. Rxc6 Rxf3 42. Rc3 Rxc3 43. Bxc3 a4 44.
Kc4 h5 45. Kb4 Kh7 46. Kxa4 h4 47. Be1 h3 ({ "In the Fitzsimons ending I
missed a very instructive draw, see if you can find it"&mdash; Peter
Cafolla, Leinster Chess Cogitations blog, July 12, 2010. The ICU games
archive had here the note "The losing move. } 47... g5 $1 { draws e.g. }
48. fxg6+ Kxg6 49. Bxh4 f5 50. e5 f4 51. e6 f3 { etc." }) ({ But after }
47... g5 $2 48. Kb4 Kh6 49. Kc4 Kh5 50. Kd3 Kg4 51. Bf2 $1 Kf3 52. Bg1 Kg2
53. e5 Kxg1 54. exf6 h3 55. f7 h2 56. f8=Q h1=Q 57. Qc5+ { White wins.
Instead the move played is the right one after all. }) 48. Bg3 Kh6 $2 (
48... g6 $1 { draws, e.g. } 49. fxg6+ Kxg6 50. Kb4 Kg5 51. Kc4 Kg4 52. Bh2
Kf3 53. Kd4 Ke2 54. Kd5 Ke3 $10 { . }) 49. Kb4 Kg5 50. Kc4 g6 51. fxg6 Kxg6
52. Kd5 Kf7 53. Kd6 Kg7 54. Ke7 Kg6 55. Ke6 Kg5 56. Bh2 Kg6 57. Bf4 Kg7 58.
Kf5 1-0

[Event "Irish Championship 2010"]
[Site "Dublin IRL"]
[Date "2010.07.07"]
[Round "5"]
[White "Lopez, Alex"]
[Black "Griffiths, Ryan-Rhys"]
[Result "1-0"]
[WhiteTitle "FM"]
[WhiteElo "2367"]
[BlackElo "2249"]
[BlackICU "2251"]
[BlackClub "Kilkenny"]
[WhiteNationality "IRL"]
[BlackNationality "IRL"]
[WhiteFideId "2501430"]
[BlackFideId "2502054"]
[PlyCount "141"]
[EventDate "2010.07.03"]

{ Event information: <a
href="https://www.irlchess.com/irlch2010_allfiles/pairings_irlch2010.html">Tournament
report</a>. }

1. e4 c5 2. Nf3 d6 3. Bc4 Nf6 4. d3 g6 5. O-O Bg7 6. c3 O-O 7. Bb3 Nc6 8.
Re1 e5 9. Nbd2 h6 10. Nf1 d5 11. Ng3 Be6 12. Be3 d4 13. cxd4 Bxb3 14. Qxb3
cxd4 15. Bd2 Rb8 16. Rac1 Nd7 17. h4 Qb6 18. Qxb6 axb6 19. Red1 Ra8 20. a3
Nc5 21. Be1 Nb3 22. Rc2 Rfc8 23. h5 Nca5 24. Rxc8+ Rxc8 25. Bxa5 bxa5 26.
Ne1 Bf6 27. hxg6 fxg6 28. Ne2 Bg5 29. g3 Nc1 30. Nxc1 Rxc1 31. Rxc1 Bxc1
32. a4 Bxb2 33. Nf3 Ba3 34. Nxe5 b5 35. axb5 Bd6 36. Nc6 a4 37. Nxd4 Bc5
38. Nc2 h5 39. Kg2 Kf7 40. f4 Ke6 41. Kf3 a3 42. d4 Be7 43. d5+ Kd7 44. e5
a2 45. g4 h4 46. g5 Bc5 47. Kg4 Bf2 48. b6 Bxb6 49. Kxh4 Bd4 50. Kg4 a1=Q
51. Nxa1 Bxa1 52. Kf3 Bb2 53. e6+ Kd6 54. f5 Ke7 55. Ke4 Kd6 56. fxg6 Bg7
57. Kd3 Ke7 58. Kc4 Kd6 59. Kb5 Bf8 60. Kb6 Bg7 61. Kb7 Be5 62. Ka7 Bg7 63.
Kb8 Be5 64. Kb7 Bg7 65. Kc8 Ke7 66. Kc7 Bc3 67. Kc6 Be5 68. d6+ Kd8 69. Kb7
Bc3 70. g7 Bxg7 71. e7+ 1-0

[Event "Irish Championship 2010"]
[Site "Dublin IRL"]
[Date "2010.07.08"]
[Round "6"]
[White "Short, Philip"]
[Black "Griffiths, Ryan-Rhys"]
[Result "1-0"]
[WhiteTitle "FM"]
[WhiteElo "2296"]
[BlackElo "2249"]
[WhiteICU "2238"]
[BlackICU "2251"]
[BlackClub "Kilkenny"]
[WhiteNationality "IRL"]
[BlackNationality "IRL"]
[WhiteFideId "2500086"]
[BlackFideId "2502054"]
[PlyCount "181"]
[EventDate "2010.07.03"]

{ Event information: <a
href="https://www.irlchess.com/irlch2010_allfiles/pairings_irlch2010.html">Tournament
report</a>. }

1. d4 Nf6 2. Nf3 e6 3. c4 b6 4. e3 Bb7 5. Bd3 d5 6. O-O Bd6 7. Nbd2 O-O 8.
b3 Nbd7 9. Bb2 Ne4 10. Qe2 Qe7 11. Rac1 f5 12. Ne5 c5 13. f4 cxd4 14. exd4
Nxe5 15. fxe5 Bb4 16. Nb1 Qh4 17. cxd5 Bxd5 18. Bc4 Rad8 19. Bxd5 Rxd5 20.
Rc6 Ng5 21. Qc4 Be1 22. Rxe6 Ne4 23. Qe2 Ba5 24. g3 Qd8 25. Rc6 Rxd4 26.
Bxd4 Qxd4+ 27. Kg2 b5 28. Rd1 Qxe5 29. Qd3 Rd8 30. Qc2 Nd2 31. Nxd2 Bxd2
32. Rf1 Qd5+ 33. Rf3 Rd7 34. Qc5 b4 35. Qxd5+ Rxd5 36. Rc8+ Kf7 37. Rc7+
Kg6 38. Rxa7 Bc3 39. Rf2 Kg5 40. Rc2 Rd3 41. Rc7 h5 42. Rc4 Kf6 43. Kf2 g5
44. Ke2 Rd8 45. a4 Rd5 46. Ra2 Ra5 47. Rc6+ Ke5 48. Rg6 g4 49. Rh6 Kd4 50.
Rxh5 Re5+ 51. Kf1 Kd3 52. Rh7 Re1+ 53. Kg2 Bd4 54. h4 gxh3+ 55. Rxh3 Kc3
56. g4+ Be3 57. gxf5 Kxb3 58. Rf2 Kxa4 59. Rff3 Bc5 60. f6 Rg1+ 61. Kh2 Rg8
62. Rh4 Rb8 63. Kh3 Bf8 64. Re4 Bc5 65. Rf5 Bd6 66. Rd5 Bf8 67. Rd7 Rb6 68.
f7 Rf6 69. Re8 Bc5 70. Rc8 Bd6 71. Ra8+ Kb3 72. Rxd6 Rxf7 73. Rb6 Rc7 74.
Kg3 Rc4 75. Kf2 Kc3 76. Ke2 Rd4 77. Ke3 Rd3+ 78. Ke2 Rd2+ 79. Ke1 Rd4 80.
Re8 Rd3 81. Rc8+ Kb3 82. Rc1 Kb2 83. Rd1 Re3+ 84. Kd2 Re4 85. Kd3 Rh4 86.
Rd2+ Kb3 87. Re2 Rh3+ 88. Re3 Rh4 89. Re4 Rh3+ 90. Ke2 Rh2+ 91. Kf3 1-0

[Event "Irish Championship 2010"]
[Site "Dublin IRL"]
[Date "2010.07.08"]
[Round "6"]
[White "Fox, Anthony"]
[Black "Fitzsimons, David"]
[Result "1-0"]
[WhiteElo "2129"]
[BlackElo "2263"]
[WhiteICU "2073"]
[BlackICU "2260"]
[WhiteClub "Dun Laoghaire"]
[BlackClub "Elm Mount"]
[WhiteNationality "IRL"]
[BlackNationality "IRL"]
[WhiteFideId "2500736"]
[BlackFideId "2501961"]
[PlyCount "83"]
[EventDate "2010.07.03"]

{ Event information: <a
href="https://www.irlchess.com/irlch2010_allfiles/pairings_irlch2010.html">Tournament
report</a>. }

1. e4 c5 2. d3 e6 3. g3 b5 4. Bg2 Bb7 5. Nf3 d6 6. O-O Nf6 7. Re1 Be7 8.
Nbd2 Nc6 9. c3 Qb6 10. a4 a6 11. axb5 axb5 12. Rxa8+ Bxa8 13. Nf1 O-O 14.
d4 d5 15. exd5 Nxd5 16. Ne3 Nf6 17. dxc5 Bxc5 18. b4 Be7 19. Qb3 Rc8 20.
Ng5 Qc7 21. Nxe6 fxe6 22. Qxe6+ Kf8 23. Nf5 Rd8 24. Bh6 gxh6 25. Bxc6 Bxc6
26. Nxe7 Rd6 27. Qe3 Be4 28. f3 Kxe7 29. fxe4 Ng4 30. Qf4 Qxc3 31. Rc1 Qd4+
32. Kh1 Qxe4+ 33. Qxe4+ Re6 34. Qxg4 Rd6 35. Re1+ Kd8 36. Qg8+ Kc7 37. Rc1+
Kd7 38. Qf7+ Kd8 39. Re1 Rd7 40. Qf8+ Kc7 41. Rc1+ Kb6 42. Qc5+ 1-0

[Event "Irish Championship 2010"]
[Site "Dublin IRL"]
[Date "2010.07.08"]
[Round "6"]
[White "Orr, Mark J. L."]
[Black "Lopez, Alex"]
[Result "0-1"]
[WhiteTitle "IM"]
[BlackTitle "FM"]
[WhiteElo "2247"]
[BlackElo "2367"]
[WhiteICU "2174"]
[WhiteClub "Wandering Dragons SCO"]
[WhiteNationality "IRL"]
[BlackNationality "IRL"]
[WhiteFideId "2500035"]
[BlackFideId "2501430"]
[PlyCount "66"]
[EventDate "2010.07.03"]

{ Event information: <a
href="https://www.irlchess.com/irlch2010_allfiles/pairings_irlch2010.html">Tournament
report</a>. }

1. c4 e5 2. Nc3 Nc6 3. Nf3 Nf6 4. a3 d5 5. cxd5 Nxd5 6. Qc2 Be7 7. e3 O-O
8. Nxd5 Qxd5 9. Bc4 Qd6 10. O-O Bg4 11. Be2 f5 12. d3 Kh8 13. b4 a6 14. Bb2
Bf6 15. Rfd1 Qe7 16. Rac1 Rad8 17. Qc5 Qxc5 18. bxc5 Rd7 19. e4 Rfd8 20. h3
fxe4 21. dxe4 Bxf3 22. Bxf3 Rxd1+ 23. Rxd1 Rxd1+ 24. Bxd1 Be7 25. Bg4 Bxc5
26. Bc8 Bd4 27. Bxd4 Nxd4 28. Bxb7 a5 29. a4 Kg8 30. Kf1 Kf8 31. Ke1 Ke7
32. Kd2 Nb3+ 33. Kc3 Nc5 { And Black won after a few more moves } 0-1

[Event "Irish Championship 2010"]
[Site "Dublin IRL"]
[Date "2010.07.09"]
[Round "7"]
[White "Duffy, Seamus"]
[Black "Quinn, Ciaran"]
[Result "0-1"]
[WhiteElo "1996"]
[BlackElo "2104"]
[WhiteICU "1876"]
[BlackICU "1943"]
[WhiteClub "Bray/Greystones"]
[BlackClub "Elm Mount"]
[WhiteNationality "IRL"]
[BlackNationality "IRL"]
[WhiteFideId "2501708"]
[BlackFideId "2500817"]
[PlyCount "108"]
[EventDate "2010.07.03"]
[WhiteFullName "Duffy, S&eacute;amus"]
[BlackFullName "Quinn, Ciar&aacute;n"]

{ Event information: <a
href="https://www.irlchess.com/irlch2010_allfiles/pairings_irlch2010.html">Tournament
report</a>. }

1. e4 e5 2. Nc3 Nc6 3. f4 Bc5 4. Nf3 d6 5. Bb5 Ne7 6. Na4 a6 7. Bxc6+ Nxc6
8. Nxc5 dxc5 9. d3 Bg4 10. h3 Bxf3 11. Qxf3 Qd4 12. c3 Qd7 13. Ke2 O-O-O
14. Qg4 f5 15. Qxf5 Qxf5 16. exf5 Rhe8 17. Kf2 Rxd3 18. Re1 Rf8 19. Re3 Rd1
20. Re1 Rxe1 21. Kxe1 Rxf5 22. g4 Rf7 23. f5 g6 24. fxg6 hxg6 25. h4 Rf3
26. h5 gxh5 27. gxh5 Rh3 28. h6 Ne7 29. Kf2 Nf5 30. Kg2 Rh5 31. Bd2 Nxh6
32. Re1 Nf5 33. Kf3 Nd6 34. Bc1 Kd7 35. Kg4 Rf5 36. Be3 b6 37. Rd1 Ke6 38.
b3 c4 39. Rh1 cxb3 40. axb3 a5 41. Rh7 Rf7 42. Rh6+ Kd5 43. Rg6 Ne8 44. Bg5
Rg7 45. c4+ Kd4 46. Re6 Nd6 47. Kh5 Ne4 48. Bd8 Rd7 49. Be7 Nc5 50. Bxc5+
bxc5 51. Ra6 e4 52. Rxa5 e3 53. Ra1 e2 54. Kg4 Ke3 0-1

[Event "Irish Championship 2010"]
[Site "Dublin IRL"]
[Date "2010.07.09"]
[Round "7"]
[White "Keogh, Eamon"]
[Black "Palmer, Bernard"]
[Result "1/2-1/2"]
[WhiteTitle "NM"]
[WhiteElo "2047"]
[BlackElo "2012"]
[WhiteICU "1892"]
[BlackICU "1965"]
[WhiteClub "Kilkenny"]
[BlackClub "Dun Laoghaire"]
[WhiteNationality "IRL"]
[BlackNationality "IRL"]
[WhiteFideId "2500264"]
[BlackFideId "2500701"]
[PlyCount "60"]
[EventDate "2010.07.03"]

{ Event information: <a
href="https://www.irlchess.com/irlch2010_allfiles/pairings_irlch2010.html">Tournament
report</a>. }

1. f4 g6 2. Nf3 d5 3. e3 c5 4. Be2 Nc6 5. O-O Bg7 6. Qe1 Nf6 7. d3 Qc7 8.
Nc3 O-O 9. e4 dxe4 10. dxe4 e5 11. Be3 b6 12. fxe5 Nxe5 13. Nxe5 Qxe5 14.
Rd1 Bb7 15. Bf4 Qe6 16. e5 Ne4 17. Bf3 Nxc3 18. Bxb7 Nxd1 19. Bxa8 Rxa8 20.
Qxd1 Bxe5 21. Qf3 Bd4+ 22. Kh1 Re8 23. c3 Bg7 24. a3 Qe2 25. Rf2 Qxf3 26.
gxf3 Re1+ 27. Kg2 Be5 28. Bh6 Bg7 29. Bf4 Re7 30. Rd2 f5 1/2-1/2

[Event "Irish Championship 2010"]
[Site "Dublin IRL"]
[Date "2010.07.10"]
[Round "8"]
[White "Delaney, John"]
[Black "Short, Philip"]
[Result "0-1"]
[WhiteTitle "FM"]
[BlackTitle "FM"]
[WhiteElo "2210"]
[BlackElo "2296"]
[WhiteICU "2198"]
[BlackICU "2238"]
[WhiteClub "Rathmines"]
[WhiteNationality "IRL"]
[BlackNationality "IRL"]
[WhiteFideId "2500060"]
[BlackFideId "2500086"]
[PlyCount "74"]
[EventDate "2010.07.03"]

{ Event information: <a
href="https://www.irlchess.com/irlch2010_allfiles/pairings_irlch2010.html">Tournament
report</a>. }

1. e4 e6 2. d4 d5 3. Nc3 Bb4 4. Ne2 Ne7 5. a3 Ba5 6. Be3 O-O 7. g3 c6 8.
Bg2 b5 9. O-O Bc7 10. Qd2 Nd7 11. e5 c5 12. f4 cxd4 13. Nxd4 a6 14. Rae1
Bb6 15. Kh1 Qc7 16. Bg1 Rd8 17. f5 Nb8 18. f6 Ng6 19. fxg7 Nd7 20. Qg5
Ndxe5 21. Nf3 Nxf3 22. Rxf3 Bxg1 23. Kxg1 Bb7 24. Rd3 Rac8 25. h4 Qe7 26.
Qh6 Qc5+ 27. Kh2 Ne7 28. Qg5 Nf5 29. Ne4 f6 30. Nxc5 fxg5 31. Nxb7 Rd7 32.
Rxe6 Rxc2 33. Na5 gxh4 34. Rxd5 Rxd5 35. Kh3 Rdd2 36. b4 Nxg7 37. Rxa6 Rxg2
0-1

[Event "Irish Championship 2010"]
[Site "Dublin IRL"]
[Date "2010.07.11"]
[Round "9"]
[White "O'Connell, Gerard"]
[Black "Delaney, John"]
[Result "0-1"]
[BlackTitle "FM"]
[WhiteElo "2136"]
[BlackElo "2210"]
[WhiteICU "2095"]
[BlackICU "2198"]
[WhiteClub "St. Benildus"]
[BlackClub "Rathmines"]
[WhiteNationality "IRL"]
[BlackNationality "IRL"]
[WhiteFideId "2500493"]
[BlackFideId "2500060"]
[PlyCount "70"]
[EventDate "2010.07.03"]

{ Event information: <a
href="https://www.irlchess.com/irlch2010_allfiles/pairings_irlch2010.html">Tournament
report</a>. }

1. d4 Nf6 2. c4 c5 3. d5 b5 4. Nf3 e6 5. dxe6 fxe6 6. cxb5 Bb7 7. e3 d5 8.
Bd3 Bd6 9. Ng5 Qe7 10. Nc3 Nbd7 11. f4 e5 12. e4 c4 13. Be2 d4 14. Bxc4
dxc3 15. bxc3 exf4 16. O-O Ne5 17. Bd5 Nxd5 18. exd5 Qxg5 19. Bxf4 Qe7 20.
Bxe5 Bxe5 21. Qg4 Rd8 22. Rae1 Rxd5 23. Rf2 Rf8 24. Rfe2 Kd8 25. c4 Qc5+
26. Kh1 Rd7 27. Qg5+ Re7 28. h3 h6 29. Qxe5 Rxe5 30. Rxe5 Bxg2+ 31. Kxg2
Qf2+ 32. Kh1 Qxa2 33. c5 g5 34. Re7 Qd5+ 35. Kg1 Qxc5+ 0-1

[Event "Irish Championship 2010"]
[Site "Dublin IRL"]
[Date "2010.07.11"]
[Round "9"]
[White "Boyle, Bernard"]
[Black "Daly, Colm"]
[Result "1-0"]
[BlackTitle "FM"]
[WhiteElo "1943"]
[BlackElo "2322"]
[WhiteICU "1850"]
[BlackICU "2303"]
[WhiteClub "Elm Mount"]
[BlackClub "Bray/Greystones"]
[WhiteNationality "IRL"]
[BlackNationality "IRL"]
[WhiteFideId "2501830"]
[BlackFideId "2500434"]
[PlyCount "105"]
[EventDate "2010.07.03"]

{ Event information: <a
href="https://www.irlchess.com/irlch2010_allfiles/pairings_irlch2010.html">Tournament
report</a>. }

1. d4 g6 2. Nf3 Bg7 3. Bf4 d6 4. Nc3 b6 5. Qd2 Bb7 6. e4 Nd7 7. O-O-O a6 8.
Bc4 e6 9. Ng5 h6 10. Nh3 b5 11. Bb3 Ngf6 12. f3 e5 13. dxe5 dxe5 14. Be3 c6
15. Nf2 Qe7 16. Nd3 h5 17. h4 O-O 18. Bg5 a5 19. a4 Nc5 20. Nxc5 Qxc5 21.
Qd6 Qxd6 22. Rxd6 b4 23. Ne2 Nh7 24. Rxg6 Kh8 25. Rd6 f6 26. Be3 Rfd8 27.
Rhd1 Rxd6 28. Rxd6 Bf8 29. Rd7 Ba6 30. Ng3 c5 31. Be6 Bc8 32. Rd8 Bb7 33.
Rxa8 Bxa8 34. Nxh5 Bc6 35. b3 Be8 36. Ng3 Be7 37. Nf5 Bf8 38. Bh6 Bg6 39.
Bxf8 Nxf8 40. Bc8 Bh7 41. Nd6 Ng6 42. Nc4 Nxh4 43. Nxa5 Nxg2 44. Nb7 Nh4
45. Bg4 Ng6 46. a5 Ne7 47. Bd7 f5 48. a6 fxe4 49. a7 exf3 50. a8=Q+ Kg7 51.
Nxc5 e4 52. Nxe4 Ng6 53. Bf5 1-0

[Event "Irish Championship 2010"]
[Site "Dublin IRL"]
[Date "2010.07.11"]
[Round "9"]
[White "Lopez, Alex"]
[Black "Brady, Stephen"]
[Result "1/2-1/2"]
[WhiteTitle "FM"]
[BlackTitle "FM"]
[WhiteElo "2367"]
[BlackElo "2376"]
[BlackICU "2354"]
[BlackClub "Phibsboro"]
[WhiteNationality "IRL"]
[BlackNationality "IRL"]
[WhiteFideId "2501430"]
[BlackFideId "2500124"]
[PlyCount "27"]
[EventDate "2010.07.03"]

{ Event information: <a
href="https://www.irlchess.com/irlch2010_allfiles/pairings_irlch2010.html">Tournament
report</a>. }

1. e4 e6 2. d4 d5 3. exd5 exd5 4. Nf3 Bg4 5. Qe2+ Ne7 6. h3 Bxf3 7. Qxf3
Nbc6 8. c3 Ng6 9. Be3 Be7 10. g3 Bg5 11. Bg2 Bxe3 12. fxe3 Nce7 13. Nd2 f5
14. O-O-O 1/2-1/2